000 00458 a2200169 4500
005 20260129101554.0
008 260128b |||||||| |||| 00| 0 eng d
020 _a9789393393197
_cRs. 1500.00
040 _aMAIN
082 _a796.07
_bK527P
100 _aKhan, Salman Ahmed
245 _aPhysical education for all competitive exams
260 _bKhel Sahitya Kendra
_c2025
_aNew Delhi
300 _a317
650 _aPhysical Eduction
942 _cBK
999 _c393770
_d393770